[Event "Rapid Tournament (RAP)"]
[Site "Biel, CH"]
[Date "2025.07.13"]
[Round "5"]
[White "Tkhoruk, Roman"]
[Black "Rajendran, Ishaan"]
[Result "1/2-1/2"]
[Board "28"]
[WhiteFideId "34161589"]
[BlackFideId "39910032"]
[WhiteElo "2004"]
[BlackElo "1725"]
[WhiteTeam "SUI"]
[BlackTeam "USA"]
[WhiteClock "0:02:28"]
[BlackClock "0:00:48"]
[Variant "Standard"]

1. Nf3 {[%clk 0:15:08]}  d5 {[%clk 0:15:08]} 2. g3 {[%clk 0:15:09]}  g6 {[%clk 0:15:09]} 3. Bg2 {[%clk 0:15:12]}  Bg7 {[%clk 0:15:13]} 4. O-O {[%clk 0:15:14]}  Nf6 {[%clk 0:15:16]} 5. d3 {[%clk 0:15:16]}  O-O {[%clk 0:15:17]} 6. Nbd2 {[%clk 0:15:19]}  b6 {[%clk 0:15:12]} 7. c3 {[%clk 0:15:21]}  Bb7 {[%clk 0:15:15]} 8. Qc2 {[%clk 0:15:24]}  c5 {[%clk 0:15:05]} 9. e4 {[%clk 0:15:19]}  dxe4 {[%clk 0:14:23]} 10. dxe4 {[%clk 0:15:23]}  Nbd7 {[%clk 0:13:59]} 11. Re1 {[%clk 0:15:03]}  e5 {[%clk 0:13:38]} 12. Nc4 {[%clk 0:13:48]}  Qc7 {[%clk 0:13:05]} 13. Bg5 {[%clk 0:13:12]}  Rfe8 {[%clk 0:13:05]} 14. Rad1 {[%clk 0:13:25]}  Re6 {[%clk 0:11:37]} 15. Bh3 {[%clk 0:13:07]}  Re7 {[%clk 0:10:19]} 16. Bxd7 {[%clk 0:12:25]}  Rxd7 {[%clk 0:10:39]} 17. Ncxe5 {[%clk 0:12:16]}  Rxd1 {[%clk 0:10:30]} 18. Qxd1 {[%clk 0:12:09]}  Nxe4 {[%clk 0:10:12]} 19. Bf4 {[%clk 0:11:11]}  g5 {[%clk 0:07:59]} 20. Nxg5 {[%clk 0:11:00]}  Nxg5 {[%clk 0:07:48]} 21. Bxg5 {[%clk 0:10:48]}  Bxe5 {[%clk 0:09:24]} 22. Qg4 {[%clk 0:10:17]}  Kh8 {[%clk 0:09:19]} 23. Qf5 {[%clk 0:08:49]}  Bg7 {[%clk 0:07:49]} 24. Bf6 {[%clk 0:08:17]}  Qc6 {[%clk 0:07:18]} 25. Bxg7+ {[%clk 0:06:22]}  Kxg7 {[%clk 0:07:19]} 26. Qe5+ {[%clk 0:06:24]}  Kg8 {[%clk 0:07:20]} 27. Kf1 {[%clk 0:04:29]}  Qh1+ {[%clk 0:05:18]} 28. Ke2 {[%clk 0:02:33]}  Qf3+ {[%clk 0:03:25]} 29. Kf1 {[%clk 0:02:12]}  Qg2+ {[%clk 0:02:50]} 30. Ke2 {[%clk 0:05:50]}  Qe4+ {[%clk 0:02:54]} 31. Qxe4 {[%clk 0:05:52]}  Bxe4 {[%clk 0:02:58]} 32. Ke3 {[%clk 0:05:56]}  Re8 {[%clk 0:02:53]} 33. Kf4 {[%clk 0:05:59]}  Bc6 {[%clk 0:02:54]} 34. Rd1 {[%clk 0:05:51]}  Re2 {[%clk 0:02:44]} 35. Rd6 {[%clk 0:06:05]}  Bh1 {[%clk 0:01:27]} 36. f3 {[%clk 0:05:43]}  Rxh2 {[%clk 0:01:17]} 37. b4 {[%clk 0:05:16]}  cxb4 {[%clk 0:00:57]} 38. cxb4 {[%clk 0:05:40]}  Rf2 {[%clk 0:00:53]} 39. Rd3 {[%clk 0:05:15]}  Kg7 {[%clk 0:00:41]} 40. a4 {[%clk 0:04:55]}  a5 {[%clk 0:00:31]} 41. bxa5 {[%clk 0:04:41]}  bxa5 {[%clk 0:00:18]} 42. Rd1 {[%clk 0:03:56]}  Bg2 {[%clk 0:00:04]} 43. Rd3 {[%clk 0:03:01]}  Rxf3+ {[%clk 0:00:27]} 44. Rxf3 {[%clk 0:03:03]}  Bxf3 {[%clk 0:00:30]} 45. Kxf3 {[%clk 0:03:06]}  Kf6 {[%clk 0:00:33]} 46. Ke4 {[%clk 0:03:09]}  Ke6 {[%clk 0:00:20]} 47. Kf4 {[%clk 0:02:33]}  f5 {[%clk 0:00:30]} 48. Kg5 {[%clk 0:02:21]}  Ke5 {[%clk 0:00:15]} 49. Kh6 {[%clk 0:02:08]}  f4 {[%clk 0:00:15]} 50. gxf4+ {[%clk 0:02:02]}  Kxf4 {[%clk 0:00:18]} 51. Kxh7 {[%clk 0:02:05]}  Ke4 {[%clk 0:00:22]} 52. Kg6 {[%clk 0:02:08]}  Kd4 {[%clk 0:00:27]} 53. Kf5 {[%clk 0:02:12]}  Kc4 {[%clk 0:00:31]} 54. Ke4 {[%clk 0:02:16]}  Kb4 {[%clk 0:00:35]} 55. Kd3 {[%clk 0:02:20]}  Kb3 {[%clk 0:00:37]} 56. Kd2 {[%clk 0:02:24]}  Kb2 {[%clk 0:00:40]} 57. Kd3 {[%clk 0:02:28]}  Ka3 {[%clk 0:00:44]} 58. Kc2 {[%clk 0:02:32]}  Kxa4 {[%clk 0:00:48]} 59. Kb2 {[%clk 0:02:28]} 1/2-1/2

[Event "Rapid Tournament (RAP)"]
[Site "Biel, CH"]
[Date "2025.07.13"]
[Round "5"]
[White "Paholok, Igor"]
[Black "Kwiatkowski, Maciej"]
[Result "1/2-1/2"]
[Board "29"]
[WhiteFideId "1338951"]
[BlackFideId "1360175"]
[WhiteElo "1765"]
[BlackElo "1982"]
[WhiteTeam "SUI"]
[BlackTeam "SUI"]
[WhiteClock "0:00:14"]
[BlackClock "0:01:14"]
[Variant "Standard"]

1. b4 {[%clk 0:15:07]}  e6 {[%clk 0:15:04]} 2. Bb2 {[%clk 0:15:09]}  Nf6 {[%clk 0:15:06]} 3. a3 {[%clk 0:15:13]}  a5 {[%clk 0:15:00]} 4. b5 {[%clk 0:15:08]}  c5 {[%clk 0:14:31]} 5. c4 {[%clk 0:15:00]}  d5 {[%clk 0:14:29]} 6. e3 {[%clk 0:14:50]}  Nbd7 {[%clk 0:13:47]} 7. Nc3 {[%clk 0:13:43]}  d4 {[%clk 0:11:34]} 8. Na4 {[%clk 0:13:03]}  e5 {[%clk 0:10:34]} 9. d3 {[%clk 0:12:48]}  Be7 {[%clk 0:09:28]} 10. g4 {[%clk 0:11:44]}  h6 {[%clk 0:08:43]} 11. Bg2 {[%clk 0:10:33]}  Nb6 {[%clk 0:07:04]} 12. Nxb6 {[%clk 0:10:32]}  Qxb6 {[%clk 0:07:06]} 13. a4 {[%clk 0:10:28]}  Nxg4 {[%clk 0:06:53]} 14. h3 {[%clk 0:10:12]}  Nf6 {[%clk 0:06:44]} 15. Qe2 {[%clk 0:09:42]}  Bf5 {[%clk 0:05:49]} 16. e4 {[%clk 0:09:39]}  Bg6 {[%clk 0:05:39]} 17. O-O-O {[%clk 0:09:33]}  Nh5 {[%clk 0:04:45]} 18. Bf3 {[%clk 0:07:35]}  Nf4 {[%clk 0:04:12]} 19. Qc2 {[%clk 0:07:37]}  Bg5 {[%clk 0:03:29]} 20. Kb1 {[%clk 0:07:40]}  Qf6 {[%clk 0:03:32]} 21. Bc1 {[%clk 0:07:38]}  Ne6 {[%clk 0:03:31]} 22. Bg4 {[%clk 0:06:37]}  Nf8 {[%clk 0:02:35]} 23. Bf3 {[%clk 0:05:16]}  Ne6 {[%clk 0:02:32]} 24. Bg4 {[%clk 0:05:16]}  Nf8 {[%clk 0:02:35]} 25. Bf3 {[%clk 0:05:14]}  h5 {[%clk 0:02:32]} 26. Bg2 {[%clk 0:05:11]}  Bf4 {[%clk 0:02:19]} 27. Bxf4 {[%clk 0:04:43]}  Qxf4 {[%clk 0:02:22]} 28. Nf3 {[%clk 0:03:47]}  Ne6 {[%clk 0:02:06]} 29. h4 {[%clk 0:03:37]}  b6 {[%clk 0:01:25]} 30. Rdg1 {[%clk 0:03:31]}  O-O-O {[%clk 0:01:27]} 31. Qe2 {[%clk 0:03:26]}  Qf6 {[%clk 0:01:28]} 32. Bh3 {[%clk 0:03:24]}  Kc7 {[%clk 0:01:26]} 33. Bxe6 {[%clk 0:03:09]}  Qxe6 {[%clk 0:01:26]} 34. Rg5 {[%clk 0:02:40]}  Rhe8 {[%clk 0:00:32]} 35. Rxe5 {[%clk 0:02:31]}  Qg4 {[%clk 0:00:34]} 36. Rg5 {[%clk 0:02:18]}  Qf4 {[%clk 0:00:36]} 37. Rg3 {[%clk 0:01:24]}  Re6 {[%clk 0:00:29]} 38. Qd2 {[%clk 0:01:18]}  Qf6 {[%clk 0:00:28]} 39. Ng5 {[%clk 0:00:55]}  Re7 {[%clk 0:00:28]} 40. f4 {[%clk 0:00:44]}  Bh7 {[%clk 0:00:29]} 41. Nf3 {[%clk 0:00:32]}  Bg6 {[%clk 0:00:21]} 42. f5 {[%clk 0:00:32]}  Bh7 {[%clk 0:00:25]} 43. Rhg1 {[%clk 0:00:35]}  g6 {[%clk 0:00:28]} 44. fxg6 {[%clk 0:00:30]}  Bxg6 {[%clk 0:00:32]} 45. Qg5 {[%clk 0:00:30]}  Qe6 {[%clk 0:00:33]} 46. Qf4+ {[%clk 0:00:21]}  Kb7 {[%clk 0:00:37]} 47. Ng5 {[%clk 0:00:20]}  Qd7 {[%clk 0:00:40]} 48. Qf6 {[%clk 0:00:17]}  Rde8 {[%clk 0:00:40]} 49. Rf3 {[%clk 0:00:17]}  Qc7 {[%clk 0:00:41]} 50. Qf4 {[%clk 0:00:17]}  Qd7 {[%clk 0:00:44]} 51. Qg3 {[%clk 0:00:08]}  f5 {[%clk 0:00:44]} 52. exf5 {[%clk 0:00:11]}  Bxf5 {[%clk 0:00:48]} 53. Qf4 {[%clk 0:00:11]}  Bg4 {[%clk 0:00:50]} 54. Rf2 {[%clk 0:00:13]}  Re1+ {[%clk 0:00:54]} 55. Rxe1 {[%clk 0:00:14]}  Rxe1+ {[%clk 0:00:51]} 56. Kc2 {[%clk 0:00:13]}  Qe7 {[%clk 0:01:00]} 57. Qf7 {[%clk 0:00:15]}  Qxf7 {[%clk 0:01:02]} 58. Nxf7 {[%clk 0:00:16]}  Ra1 {[%clk 0:01:05]} 59. Kb2 {[%clk 0:00:19]}  Rd1 {[%clk 0:01:07]} 60. Kc2 {[%clk 0:00:17]}  Ra1 {[%clk 0:01:11]} 61. Kb2 {[%clk 0:00:18]}  Rxa4 {[%clk 0:01:14]} 62. Nd6+ {[%clk 0:00:14]} 1/2-1/2

[Event "Rapid Tournament (RAP)"]
[Site "Biel, CH"]
[Date "2025.07.13"]
[Round "5"]
[White "Koehler, Noe"]
[Black "Corbat, Philippe"]
[Result "1/2-1/2"]
[Board "30"]
[WhiteFideId "1362488"]
[BlackFideId "1304496"]
[WhiteElo "1680"]
[BlackElo "1957"]
[WhiteTeam "SUI"]
[BlackTeam "SUI"]
[WhiteClock "0:11:47"]
[BlackClock "0:10:45"]
[Variant "Standard"]

1. Nf3 {[%clk 0:15:09]}  d5 {[%clk 0:15:06]} 2. c4 {[%clk 0:15:12]}  dxc4 {[%clk 0:15:03]} 3. Qa4+ {[%clk 0:15:16]}  Nc6 {[%clk 0:15:03]} 4. Qxc4 {[%clk 0:15:20]}  Nf6 {[%clk 0:14:58]} 5. e3 {[%clk 0:15:23]}  e6 {[%clk 0:14:40]} 6. Be2 {[%clk 0:15:20]}  Qd5 {[%clk 0:13:41]} 7. Qxd5 {[%clk 0:14:45]}  Nxd5 {[%clk 0:13:45]} 8. O-O {[%clk 0:14:28]}  Bd6 {[%clk 0:13:18]} 9. b3 {[%clk 0:14:03]}  O-O {[%clk 0:13:14]} 10. Bb2 {[%clk 0:14:07]}  Be7 {[%clk 0:12:58]} 11. Nc3 {[%clk 0:13:38]}  Bf6 {[%clk 0:12:09]} 12. Nxd5 {[%clk 0:12:59]}  Bxb2 {[%clk 0:11:27]} 13. Rab1 {[%clk 0:13:03]}  Be5 {[%clk 0:11:12]} 14. Nxe5 {[%clk 0:12:59]}  Nxe5 {[%clk 0:11:15]} 15. Nxc7 {[%clk 0:12:26]}  Rb8 {[%clk 0:11:18]} 16. Nb5 {[%clk 0:12:16]}  Bd7 {[%clk 0:10:51]} 17. d4 {[%clk 0:11:47]}  Nc6 {[%clk 0:10:45]} 1/2-1/2

[Event "Rapid Tournament (RAP)"]
[Site "Biel, CH"]
[Date "2025.07.13"]
[Round "5"]
[White "Anetov, Aisultan"]
[Black "Mikavica, Mirko"]
[Result "0-1"]
[Board "31"]
[WhiteFideId "13784943"]
[BlackFideId "908657"]
[WhiteElo "1610"]
[BlackElo "2115"]
[WhiteTeam "KAZ"]
[BlackTeam "SUI"]
[WhiteClock "0:08:29"]
[BlackClock "0:03:30"]
[Variant "Standard"]

1. e4 {[%clk 0:15:09]}  d6 {[%clk 0:12:22]} 2. d4 {[%clk 0:15:11]}  Nf6 {[%clk 0:12:26]} 3. Nc3 {[%clk 0:15:15]}  Nbd7 {[%clk 0:12:31]} 4. f4 {[%clk 0:15:11]}  e5 {[%clk 0:12:32]} 5. dxe5 {[%clk 0:15:02]}  dxe5 {[%clk 0:12:37]} 6. Bc4 {[%clk 0:14:54]}  Bd6 {[%clk 0:12:22]} 7. f5 {[%clk 0:13:49]}  O-O {[%clk 0:11:51]} 8. Nf3 {[%clk 0:13:50]}  Bc5 {[%clk 0:11:39]} 9. Bg5 {[%clk 0:13:41]}  c6 {[%clk 0:11:16]} 10. Qe2 {[%clk 0:12:57]}  b5 {[%clk 0:11:16]} 11. Bb3 {[%clk 0:12:59]}  a5 {[%clk 0:11:05]} 12. a3 {[%clk 0:12:14]}  Ba6 {[%clk 0:10:02]} 13. Qd2 {[%clk 0:11:38]}  b4 {[%clk 0:09:31]} 14. axb4 {[%clk 0:11:40]}  axb4 {[%clk 0:09:11]} 15. Na4 {[%clk 0:10:51]}  Nxe4 {[%clk 0:08:53]} 16. Bxd8 {[%clk 0:10:40]}  Nxd2 {[%clk 0:08:57]} 17. Nxd2 {[%clk 0:09:42]}  Rfxd8 {[%clk 0:08:57]} 18. Ne4 {[%clk 0:09:41]}  Be7 {[%clk 0:08:26]} 19. O-O-O {[%clk 0:09:28]}  Bb5 {[%clk 0:08:14]} 20. Kb1 {[%clk 0:08:48]}  Bxa4 {[%clk 0:08:17]} 21. Bxa4 {[%clk 0:08:51]}  Rxa4 {[%clk 0:08:18]} 22. Rhf1 {[%clk 0:08:33]}  b3 {[%clk 0:07:57]} 23. Nc3 {[%clk 0:08:25]}  bxc2+ {[%clk 0:07:57]} 24. Kxc2 {[%clk 0:08:28]}  Rd4 {[%clk 0:07:36]} 25. Ne2 {[%clk 0:08:09]}  Rxd1 {[%clk 0:07:23]} 26. Rxd1 {[%clk 0:08:13]}  Nb6 {[%clk 0:07:21]} 27. Ra1 {[%clk 0:08:13]}  Nc4 {[%clk 0:07:02]} 28. Nc3 {[%clk 0:08:00]}  Ne3+ {[%clk 0:06:58]} 29. Kb3 {[%clk 0:08:01]}  Rb8+ {[%clk 0:06:59]} 30. Ka2 {[%clk 0:07:58]}  Ra8+ {[%clk 0:06:59]} 31. Kb1 {[%clk 0:08:02]}  Rxa1+ {[%clk 0:07:00]} 32. Kxa1 {[%clk 0:08:05]}  Nxf5 {[%clk 0:06:59]} 33. Ne4 {[%clk 0:08:07]}  Ne3 {[%clk 0:06:58]} 34. g3 {[%clk 0:08:08]}  f5 {[%clk 0:07:00]} 35. Nd2 {[%clk 0:08:08]}  e4 {[%clk 0:06:48]} 36. Ka2 {[%clk 0:08:07]}  Bb4 {[%clk 0:06:42]} 37. Nb3 {[%clk 0:08:08]}  c5 {[%clk 0:06:22]} 38. Nc1 {[%clk 0:08:07]}  Nf1 {[%clk 0:06:05]} 39. Ne2 {[%clk 0:08:07]}  Nxh2 {[%clk 0:06:06]} 40. b3 {[%clk 0:08:08]}  g5 {[%clk 0:06:05]} 41. Kb2 {[%clk 0:08:10]}  Kf7 {[%clk 0:06:01]} 42. Ka2 {[%clk 0:08:13]}  Ke6 {[%clk 0:06:04]} 43. Kb2 {[%clk 0:08:17]}  Ke5 {[%clk 0:06:08]} 44. Ka2 {[%clk 0:08:22]}  f4 {[%clk 0:06:12]} 45. Kb2 {[%clk 0:08:08]}  f3 {[%clk 0:06:15]} 46. Ng1 {[%clk 0:08:02]}  f2 {[%clk 0:06:13]} 47. Nh3 {[%clk 0:08:06]}  f1=Q {[%clk 0:06:10]} 48. Nxg5 {[%clk 0:08:08]}  Qe2+ {[%clk 0:05:49]} 49. Kb1 {[%clk 0:08:13]}  Qd3+ {[%clk 0:05:42]} 50. Ka1 {[%clk 0:08:13]}  Qc3+ {[%clk 0:05:42]} 51. Kb1 {[%clk 0:08:12]}  Qxb3+ {[%clk 0:05:44]} 52. Kc1 {[%clk 0:08:16]}  Ba3+ {[%clk 0:05:26]} 53. Kd2 {[%clk 0:08:19]}  Qd3+ {[%clk 0:05:27]} 54. Ke1 {[%clk 0:08:23]}  Qxg3+ {[%clk 0:05:17]} 55. Kd1 {[%clk 0:08:21]}  Qd3+ {[%clk 0:05:07]} 56. Ke1 {[%clk 0:08:25]}  Bb4+ {[%clk 0:05:02]} 57. Kf2 {[%clk 0:08:28]}  Ng4+ {[%clk 0:04:36]} 58. Kg2 {[%clk 0:08:31]}  Qe2+ {[%clk 0:04:33]} 59. Kh3 {[%clk 0:08:28]}  Nf2+ {[%clk 0:04:23]} 60. Kg2 {[%clk 0:08:29]}  Nd3+ {[%clk 0:04:17]} 61. Kg1 {[%clk 0:08:17]}  Qf2+ {[%clk 0:04:08]} 62. Kh1 {[%clk 0:08:21]}  Qh4+ {[%clk 0:03:55]} 63. Kg1 {[%clk 0:08:22]}  Qxg5+ {[%clk 0:03:58]} 64. Kh1 {[%clk 0:08:26]}  Nf4 {[%clk 0:03:39]} 65. Kh2 {[%clk 0:08:29]}  Qg2# {[%clk 0:03:30]} 0-1

[Event "Rapid Tournament (RAP)"]
[Site "Biel, CH"]
[Date "2025.07.13"]
[Round "5"]
[White "Schmied, Stefan"]
[Black "Fragniere, Thierry"]
[Result "0-1"]
[Board "32"]
[WhiteFideId "1335804"]
[BlackFideId "1306537"]
[WhiteElo "1798"]
[BlackElo "2110"]
[WhiteTeam "SUI"]
[BlackTeam "FRA"]
[WhiteClock "0:00:09"]
[BlackClock "0:00:28"]
[Variant "Standard"]

1. b3 {[%clk 0:15:08]}  d5 {[%clk 0:15:08]} 2. Bb2 {[%clk 0:15:12]}  c5 {[%clk 0:15:02]} 3. e3 {[%clk 0:15:15]}  Nc6 {[%clk 0:15:06]} 4. Bb5 {[%clk 0:15:19]}  Qb6 {[%clk 0:15:00]} 5. c4 {[%clk 0:13:10]}  Nf6 {[%clk 0:14:48]} 6. Nc3 {[%clk 0:12:33]}  a6 {[%clk 0:14:37]} 7. Bxc6+ {[%clk 0:12:35]}  Qxc6 {[%clk 0:14:40]} 8. cxd5 {[%clk 0:11:03]}  Nxd5 {[%clk 0:14:41]} 9. Nf3 {[%clk 0:10:16]}  Bg4 {[%clk 0:14:14]} 10. h3 {[%clk 0:09:58]}  Nxc3 {[%clk 0:11:59]} 11. Bxc3 {[%clk 0:09:55]}  Bxf3 {[%clk 0:12:01]} 12. gxf3 {[%clk 0:09:30]}  e6 {[%clk 0:10:54]} 13. Qe2 {[%clk 0:08:30]}  b5 {[%clk 0:10:02]} 14. Rg1 {[%clk 0:07:47]}  Rg8 {[%clk 0:09:23]} 15. Bf6 {[%clk 0:06:17]}  g6 {[%clk 0:06:21]} 16. f4 {[%clk 0:03:29]}  Bg7 {[%clk 0:07:34]} 17. Bxg7 {[%clk 0:03:31]}  Rxg7 {[%clk 0:07:37]} 18. Qg4 {[%clk 0:03:15]}  O-O-O {[%clk 0:06:50]} 19. Qg2 {[%clk 0:03:18]}  Qd6 {[%clk 0:04:21]} 20. O-O-O {[%clk 0:02:22]}  Kb8 {[%clk 0:04:03]} 21. Qe4 {[%clk 0:01:48]}  f6 {[%clk 0:03:46]} 22. d4 {[%clk 0:01:29]}  Rc7 {[%clk 0:03:49]} 23. Kb2 {[%clk 0:01:26]}  Qd5 {[%clk 0:02:57]} 24. Qxd5 {[%clk 0:01:25]}  Rxd5 {[%clk 0:02:59]} 25. dxc5 {[%clk 0:01:25]}  Rcxc5 {[%clk 0:02:57]} 26. Rxd5 {[%clk 0:01:03]}  Rxd5 {[%clk 0:03:00]} 27. Rc1 {[%clk 0:01:05]}  Kb7 {[%clk 0:03:03]} 28. Kc2 {[%clk 0:00:22]}  Rh5 {[%clk 0:03:04]} 29. Rh1 {[%clk 0:00:26]}  Kc6 {[%clk 0:03:01]} 30. Kd3 {[%clk 0:00:29]}  Kd5 {[%clk 0:02:27]} 31. e4+ {[%clk 0:00:17]}  Kd6 {[%clk 0:02:29]} 32. f3 {[%clk 0:00:16]}  Rh4 {[%clk 0:01:59]} 33. Ke3 {[%clk 0:00:19]}  a5 {[%clk 0:01:45]} 34. a3 {[%clk 0:00:23]}  Rh5 {[%clk 0:01:31]} 35. Rd1+ {[%clk 0:00:21]}  Kc6 {[%clk 0:01:32]} 36. Rc1+ {[%clk 0:00:21]}  Kb6 {[%clk 0:01:27]} 37. Rh1 {[%clk 0:00:08]}  Rc5 {[%clk 0:01:25]} 38. Rd1 {[%clk 0:00:11]}  Kc6 {[%clk 0:01:03]} 39. Rd3 {[%clk 0:00:12]}  b4 {[%clk 0:00:32]} 40. axb4 {[%clk 0:00:14]}  axb4 {[%clk 0:00:36]} 41. Kd4 {[%clk 0:00:11]}  Kb5 {[%clk 0:00:30]} 42. e5 {[%clk 0:00:10]}  f5 {[%clk 0:00:23]} 43. Ke3 {[%clk 0:00:12]}  Rc3 {[%clk 0:00:12]} 44. Kd4 {[%clk 0:00:16]}  Rc1 {[%clk 0:00:10]} 45. Ke3 {[%clk 0:00:13]}  Kc5 {[%clk 0:00:10]} 46. Kd2 {[%clk 0:00:14]}  Rb1 {[%clk 0:00:12]} 47. Kc2 {[%clk 0:00:15]}  Rf1 {[%clk 0:00:14]} 48. Kd2 {[%clk 0:00:14]}  Rf2+ {[%clk 0:00:17]} 49. Ke3 {[%clk 0:00:16]}  Rb2 {[%clk 0:00:20]} 50. h4 {[%clk 0:00:17]}  Rb1 {[%clk 0:00:19]} 51. Kd2 {[%clk 0:00:19]}  Rb2+ {[%clk 0:00:19]} 52. Ke3 {[%clk 0:00:21]}  Rc2 {[%clk 0:00:23]} 53. Rd6 {[%clk 0:00:20]}  Rc3+ {[%clk 0:00:27]} 54. Rd3 {[%clk 0:00:24]}  Rc2 {[%clk 0:00:24]} 55. Rd6 {[%clk 0:00:24]}  Rb2 {[%clk 0:00:25]} 56. Rd3 {[%clk 0:00:26]}  h6 {[%clk 0:00:15]} 57. Rd6 {[%clk 0:00:25]}  Rxb3+ {[%clk 0:00:29]} 58. Ke2 {[%clk 0:00:22]}  Rb2+ {[%clk 0:00:33]} 59. Ke3 {[%clk 0:00:22]}  b3 {[%clk 0:00:33]} 60. Rxe6 {[%clk 0:00:15]}  Rh2 {[%clk 0:00:36]} 61. Rxg6 {[%clk 0:00:11]}  b2 {[%clk 0:00:37]} 62. Rg1 {[%clk 0:00:12]}  Rc2 {[%clk 0:00:28]} 63. Kd3 {[%clk 0:00:09]} 0-1

[Event "Rapid Tournament (RAP)"]
[Site "Biel, CH"]
[Date "2025.07.13"]
[Round "5"]
[White "Di Meo, Quentin"]
[Black "Frey,Fabian"]
[Result "1/2-1/2"]
[Board "33"]
[WhiteFideId "1338498"]
[BlackFideId "1336487"]
[WhiteElo "1821"]
[BlackElo "2102"]
[WhiteTeam "SUI"]
[BlackTeam "SUI"]
[WhiteClock "0:00:13"]
[BlackClock "0:00:36"]
[Variant "Standard"]

1. d4 {[%clk 0:15:07]}  Nf6 {[%clk 0:15:08]} 2. Nc3 {[%clk 0:15:09]}  d5 {[%clk 0:15:11]} 3. e4 {[%clk 0:15:09]}  dxe4 {[%clk 0:15:14]} 4. Bg5 {[%clk 0:14:52]}  Bf5 {[%clk 0:15:04]} 5. Nge2 {[%clk 0:14:53]}  Nbd7 {[%clk 0:15:00]} 6. Ng3 {[%clk 0:14:53]}  Bg6 {[%clk 0:15:04]} 7. Bc4 {[%clk 0:14:44]}  h6 {[%clk 0:14:55]} 8. Bh4 {[%clk 0:14:12]}  Bh7 {[%clk 0:14:45]} 9. Bxf6 {[%clk 0:13:56]}  Nxf6 {[%clk 0:14:48]} 10. O-O {[%clk 0:13:37]}  e6 {[%clk 0:14:45]} 11. a3 {[%clk 0:13:04]}  Be7 {[%clk 0:14:48]} 12. Re1 {[%clk 0:13:06]}  O-O {[%clk 0:14:51]} 13. Ncxe4 {[%clk 0:12:49]}  c6 {[%clk 0:14:28]} 14. c3 {[%clk 0:10:22]}  a5 {[%clk 0:14:17]} 15. Nxf6+ {[%clk 0:08:34]}  Bxf6 {[%clk 0:13:53]} 16. Nh5 {[%clk 0:09:39]}  Be7 {[%clk 0:13:36]} 17. Re3 {[%clk 0:09:07]}  Kh8 {[%clk 0:13:11]} 18. Qg4 {[%clk 0:08:31]}  Bg6 {[%clk 0:12:34]} 19. Bd3 {[%clk 0:06:37]}  Bg5 {[%clk 0:10:32]} 20. Rg3 {[%clk 0:02:26]}  f5 {[%clk 0:09:02]} 21. Qf3 {[%clk 0:02:06]}  f4 {[%clk 0:08:17]} 22. Bxg6 {[%clk 0:01:47]}  fxg3 {[%clk 0:08:09]} 23. Qxg3 {[%clk 0:03:40]}  Bh4 {[%clk 0:07:21]} 24. Qe5 {[%clk 0:03:42]}  Bxf2+ {[%clk 0:06:26]} 25. Kh1 {[%clk 0:02:51]}  Rg8 {[%clk 0:03:49]} 26. Rf1 {[%clk 0:02:33]}  Bh4 {[%clk 0:03:27]} 27. Rf7 {[%clk 0:02:01]}  Qg5 {[%clk 0:03:00]} 28. Qxg5 {[%clk 0:01:46]}  Bxg5 {[%clk 0:02:45]} 29. Rxb7 {[%clk 0:00:49]}  Rab8 {[%clk 0:02:03]} 30. Rc7 {[%clk 0:00:28]}  Rxb2 {[%clk 0:01:31]} 31. g3 {[%clk 0:01:12]}  Rf8 {[%clk 0:01:11]} 32. Nf4 {[%clk 0:00:33]}  Bxf4 {[%clk 0:00:50]} 33. gxf4 {[%clk 0:00:36]}  Rb3 {[%clk 0:00:34]} 34. Rxc6 {[%clk 0:00:28]}  Rxa3 {[%clk 0:00:37]} 35. Rxe6 {[%clk 0:00:23]}  Rxc3 {[%clk 0:00:41]} 36. Ra6 {[%clk 0:00:20]}  Ra3 {[%clk 0:00:23]} 37. d5 {[%clk 0:00:20]}  Ra1+ {[%clk 0:00:25]} 38. Kg2 {[%clk 0:00:21]}  a4 {[%clk 0:00:29]} 39. d6 {[%clk 0:00:19]}  a3 {[%clk 0:00:22]} 40. d7 {[%clk 0:00:16]}  a2 {[%clk 0:00:17]} 41. Be8 {[%clk 0:00:12]}  Re1 {[%clk 0:00:07]} 42. d8=Q {[%clk 0:00:09]}  Rfxe8 {[%clk 0:00:10]} 43. Qa5 {[%clk 0:00:07]}  a1=Q {[%clk 0:00:09]} 44. Qxa1 {[%clk 0:00:10]}  Rxa1 {[%clk 0:00:12]} 45. Rxa1 {[%clk 0:00:13]}  Re3 {[%clk 0:00:17]} 46. Ra7 {[%clk 0:00:10]}  Rb3 {[%clk 0:00:20]} 47. Rc7 {[%clk 0:00:12]}  Kh7 {[%clk 0:00:24]} 48. Rd7 {[%clk 0:00:13]}  Kg6 {[%clk 0:00:28]} 49. Rd5 {[%clk 0:00:14]}  Kf6 {[%clk 0:00:31]} 50. Ra5 {[%clk 0:00:18]}  Rc3 {[%clk 0:00:32]} 51. Rb5 {[%clk 0:00:20]}  Ra3 {[%clk 0:00:35]} 52. Rc5 {[%clk 0:00:24]}  Kg6 {[%clk 0:00:33]} 53. Rb5 {[%clk 0:00:26]}  Rd3 {[%clk 0:00:32]} 54. Ra5 {[%clk 0:00:27]}  Kf6 {[%clk 0:00:36]} 55. Rb5 {[%clk 0:00:28]}  g6 {[%clk 0:00:39]} 56. Ra5 {[%clk 0:00:15]}  h5 {[%clk 0:00:43]} 57. Rg5 {[%clk 0:00:12]}  Rd2+ {[%clk 0:00:39]} 58. Kg3 {[%clk 0:00:13]}  Rd1 {[%clk 0:00:42]} 59. Kg2 {[%clk 0:00:13]}  Rd2+ {[%clk 0:00:45]} 60. Kg3 {[%clk 0:00:16]}  Ra2 {[%clk 0:00:46]} 61. Rb5 {[%clk 0:00:14]}  Rc2 {[%clk 0:00:45]} 62. Ra5 {[%clk 0:00:13]}  Rc3+ {[%clk 0:00:45]} 63. Kg2 {[%clk 0:00:12]}  Re3 {[%clk 0:00:48]} 64. Rb5 {[%clk 0:00:13]}  Kg7 {[%clk 0:00:48]} 65. Kf2 {[%clk 0:00:14]}  Rd3 {[%clk 0:00:51]} 66. Kg2 {[%clk 0:00:16]}  Kh6 {[%clk 0:00:54]} 67. Ra5 {[%clk 0:00:12]}  Rb3 {[%clk 0:00:55]} 68. Rc5 {[%clk 0:00:15]}  Rb2+ {[%clk 0:00:55]} 69. Kg3 {[%clk 0:00:17]}  Ra2 {[%clk 0:00:58]} 70. Rb5 {[%clk 0:00:18]}  Kg7 {[%clk 0:00:53]} 71. Rb6 {[%clk 0:00:15]}  Ra3+ {[%clk 0:00:53]} 72. Kg2 {[%clk 0:00:18]}  h4 {[%clk 0:00:57]} 73. Rc6 {[%clk 0:00:12]}  Kf7 {[%clk 0:01:00]} 74. Rb6 {[%clk 0:00:13]}  Re3 {[%clk 0:01:03]} 75. Rc6 {[%clk 0:00:10]}  Re6 {[%clk 0:00:48]} 76. Rc5 {[%clk 0:00:07]}  Kf6 {[%clk 0:00:48]} 77. Kf3 {[%clk 0:00:09]}  Ra6 {[%clk 0:00:46]} 78. Kg2 {[%clk 0:00:10]}  Ra3 {[%clk 0:00:48]} 79. Rb5 {[%clk 0:00:12]}  Rd3 {[%clk 0:00:52]} 80. Ra5 {[%clk 0:00:14]}  Ke6 {[%clk 0:00:55]} 81. Rb5 {[%clk 0:00:16]}  Kf6 {[%clk 0:00:51]} 82. Ra5 {[%clk 0:00:18]}  h3+ {[%clk 0:00:55]} 83. Kf2 {[%clk 0:00:12]}  Rb3 {[%clk 0:00:55]} 84. Rc5 {[%clk 0:00:13]}  Ra3 {[%clk 0:00:36]} 1/2-1/2